00794 a2200169 4500003000500000005001700005028001700022040000900039082001600048100002000064245004300084260003400127300001100161505040000172600002600572610002600598Nust20221209111116.0 aKatson Books cNust a621.382,SHA aSharma, Sanjay  aDigial communications /cSanjay Sharma aNew DelhibKatson Booksc2011 av, 583 aIntroduction (Page-1), Probability Random Signals and Random Process (Page-36), Sampling Theory and Pulse Modulation (Page-97), Wave Coding Techniques (Page-146), Digital Multiplexers (Page-214), Digital Baseband Transmission (Page-236), Introduction to Signal Space Analysis (Page-314), Digital Modulation Techniques (Page-326), Information Theory (Page-391), Error Control Coding (Page-452).  aDigital communication aDigital communication